How to pick fund winners

Contents: How to pick fund winners; Our market forecast to the year 2001; Cut risk witbout crippling return; Magage your funds like a pro; Rating today's 25 largest funds...

Tallennettuna:
Bibliografiset tiedot
Päätekijä: Ellis, Junius
Aineistotyyppi: Kirja
Kieli:Undetermined
Julkaistu: New York Money Books 1996
Aiheet:
Tagit: Lisää tagi
Ei tageja, Lisää ensimmäinen tagi!
Thư viện lưu trữ: Trung tâm Học liệu Trường Đại học Cần Thơ
LEADER 00716nam a2200205Ia 4500
001 CTU_43173
008 210402s9999 xx 000 0 und d
020 |c 525000 
082 |a 658.152 
082 |b E47 
100 |a Ellis, Junius 
245 0 |a How to pick fund winners 
245 0 |c Junius Ellis 
260 |a New York 
260 |b Money Books 
260 |c 1996 
520 |a Contents: How to pick fund winners; Our market forecast to the year 2001; Cut risk witbout crippling return; Magage your funds like a pro; Rating today's 25 largest funds... 
650 |a Finance, personal,Fund raising,Investments,Đầu tư 
904 |i Minh, QHieu 
980 |a Trung tâm Học liệu Trường Đại học Cần Thơ